00325nam a2200121 450000500170000010000270001724500200004426400510006430000180011533600220013333700240015533800240017920260530115302.01 aMichael Erlholff Et Al10aDesignig Public 1bBirkhäuser • Frame Publishers Berlinc2008 a210 páginas atexto2rdacontent asin medio2rdamedia avolumen2rdacarrier